Ordenamiento ambiental preliminar para el emplazamiento del Centro Turístico La Peñita

Propone ordenamiento ambiental turístico en la comarca Poneloya Las Peñitas con énfasis en el potencial paisajístico, con criterios de sustentabilidad y determina el nivel de potencialidad y problemas que afectan la zona para saber de qué manera se puede destinar un proyecto de centro turístic...

Full description

Bibliographic Details
Main Author: Silva Zeas, Aurora
Other Authors: Tutor: Gómez Ortega, Graciela Dionides
Format: Tesis Section = Libro
Language:Undetermined
Spanish
Published: Managua UNI 2013
Subjects:
LEADER 01168nam a2200241Ia 4500
008 240830s9999 xx 000 0 und d
040 |a BIBLIOTECA-RUSB/ T.Mon 333.7 S586 
041 |a spa 
082 |a T.Mon 333.7 S586 
100 1 |a Silva Zeas, Aurora 
245 1 0 |a Ordenamiento ambiental preliminar para el emplazamiento del Centro Turístico La Peñita 
260 |a Managua  |b UNI  |c 2013 
300 |a 119 p. :il. 
502 |a Tesis (Arquitecto) - UNI, 2013. 
520 3 |a Propone ordenamiento ambiental turístico en la comarca Poneloya Las Peñitas con énfasis en el potencial paisajístico, con criterios de sustentabilidad y determina el nivel de potencialidad y problemas que afectan la zona para saber de qué manera se puede destinar un proyecto de centro turístico. 
650 7 |a MEDIO AMBIENTE - TURISMO Y DESARROLLO CENTRO TURÍSTICO LA PEÑITA - LEON 
650 7 |b  ORDENAMIENTO TERRITORIAL - GESTIÓN AMBIENTAL 
650 7 |c  DESARROLLO SOSTENIBLE - SOCIEDAD - ECONOMIA 
650 7 |d  CARACTERIZACION Y DIAGNÓSTICO DEL PAISAJISMO 
700 1 |a Tutor:  |b Gómez Ortega, Graciela Dionides 
942 |c BK  |2 ddc 
991 |a TESIS 
999 |c 21705